| 000 | 01235nam a2200373 c 4500 | ||
|---|---|---|---|
| 001 | 466 | ||
| 003 | ES-MaCES | ||
| 005 | 20150929135341.0 | ||
| 008 | 940929s1992 sp ||| | spa d | ||
| 017 |
_aM. 23.042-1992 _bDL |
||
| 020 | _a844700046X | ||
| 035 | _aCES19980004688m | ||
| 040 |
_aES-MaCES _bspa _cES-MaCES |
||
| 110 | 1 |
_aEspaña _tLeyes, etc., de Seguridad Social _93122 |
|
| 245 | 1 | 0 |
_aCódigo de Seguridad Social _b: derecho español y comunitario europeo _cdirector José Luis Tortuero Plaza ; Alberto Cámara Botia ... [et al.] |
| 250 | _a[1ª ed.] | ||
| 260 |
_aMadrid _bCivitas _c1992 |
||
| 300 |
_a1903 p. _c25 cm |
||
| 541 | _cCompra | ||
| 650 | 4 |
_aseguridad social _927034 |
|
| 650 | 4 |
_aEspaña _926964 |
|
| 650 | 4 |
_alegislación de seguridad social _929855 |
|
| 650 | 4 |
_aReglamento de la CE _929874 |
|
| 650 | 4 |
_aDirectiva de la CE _929873 |
|
| 650 | 4 |
_atexto _929624 |
|
| 653 | 1 | 0 | _aLegislación |
| 650 | 4 |
_926752 _aUE |
|
| 700 | 1 |
_aCámara Botía, Alberto _ecol. _98792 |
|
| 700 | 1 |
_aTortuero Plaza, José Luis _edir. _925099 |
|
| 710 | 1 |
_aUnión Europea _tDirectivas, etc., de Seguridad Social _95123 |
|
| 902 | _aLIB Libro | ||
| 942 |
_2CES _cBK _h6.1. |
||
| 999 |
_c466 _d466 |
||